000 00391nam a2200133Ia 4500
008 220217s9999||||xx |||||||||||||| ||und||
020 _a9780198078883
082 _a005.133 THA
100 _aThareja, Reema
245 0 _aComputer fundamentals and programming in C
260 _aOxford university press
_bNew Delhi
_c2014
300 _aXVI, 547p.
_b455
650 _aPROGRAMMING LANGUAGE
999 _c185793
_d185793